000 01136cam a22003857a 4500
003 CHAP
005 20220817043010.0
008 971013s1992 r 00010 d
010 _a62320
011 _a63292
035 _a67468
040 _cCHAP
082 _a635.3
_bL55
100 0 0 _aLinares, Edelmira
_eed.
_966908
245 1 4 _aLos quelites, un tesoro culinario
260 _aMéxico, D. F. :
_bUNAM. Instituto de Biología,
_c1992
300 _a143 p.
_b: ilus.
590 _aBATCH-UPD
_b10
_c20130110
_lUCH01
_h0357
590 _aBATCH-UPD
_b10
_c20130110
_lUCH01
_h2158
590 _aCONVERSION
_b10
_c20130109
_lUCH01
_h1333
650 1 4 _aBerro.
_911978
650 1 4 _aChayote.
_922080
650 1 4 _aHojas como alimento.
_955864
650 1 4 _aLegumbres
_xValor nutritivo.
_965794
650 1 4 _aQuelite.
650 1 4 _aRecetas de cocina.
_994984
650 1 4 _aRomeritos.
_999506
650 1 4 _aVerdolaga.
_9118853
700 0 _aAguirre, Judith
_eed.
_93064
790 _aPápalo
790 _aQuintoniles
901 _aBK
942 _cLIBRO
949 _a635.3 L55
_bBC
_cESP
_d33724000632733
_eESP
_gI. c/e
_h91924
_i67468
_si
999 _c62320
_d62320